Statistics for Which country is larger

Click here to take the quiz!

General Stats

  • This quiz has been taken 21 times
  • The average score is 36 of 41

Answer Stats

Comparison country #1Comparison country #2Answer% Correct
ZambiaChileChile
100%
RussiaAntarcticaRussia
100%
EswatiniLesothoLesotho
94%
South AfricaMaliMali
94%
AngolaNigerNiger
94%
RussiaSouth AmericaSouth America
94%
United StatesChinaUnited States
94%
AfricaAsia (Excluding Russia)Africa
88%
BahrainSingaporeBahrain
88%
TajikistanBangladeshBangladesh
88%
BotswanaKenyaBotswana
88%
AustraliaBrazilBrazil
88%
CanadaEurope (Excluding Russia)Canada
88%
ColombiaVenezuelaColombia
88%
EcuadorBurkina FasoEcuador
88%
BruneiEswatiniEswatini
88%
GhanaRomaniaGhana
88%
NicaraguaGreeceGreece
88%
GuineaUgandaGuinea
88%
IraqCaliforniaIraq
88%
MalaysiaPhilippinesMalaysia
88%
MauritaniaEgyptMauritania
88%
NamibiaMozambiqueNamibia
88%
ColoradoNew ZealandNew Zealand
88%
NorwayFinlandNorway
88%
PeruChadPeru
88%
OmanPolandPoland
88%
MexicoSaudi ArabiaSaudi Arabia
88%
Central African RepublicSomaliaSomalia
88%
FranceSouth SudanSouth Sudan
88%
LithuaniaSri LankaSri Lanka
88%
SudanIranSudan
88%
SwedenCaliforniaSweden
88%
Washington (state)SyriaSyria
88%
TaiwanMarylandTaiwan
88%
TanzaniaNIgeriaTanzania
88%
ThailandSpainThailand
88%
MoroccoUzbekistanUzbekistan
88%
AlaskaIranAlaska
81%
TexasMyanmarTexas
81%
AfghanistanTexasTexas
81%

Score Distribution

Percentile by Number Answered

Percent of People with Each Score

Your Score History

You have not taken this quiz